| 000 | 01336nam2a22002771 4500 | ||
|---|---|---|---|
| 001 | rc\3685820 | ||
| 005 | 20250610095610.0 | ||
| 021 |
_aRU _b[73-56186] |
||
| 035 | _a(NLR Aleph) 007847764 | ||
| 090 |
_a7773728 _c7773728 |
||
| 100 | _a20130115d1973 |||y0rusy50 ca | ||
| 101 | 0 | _arus | |
| 102 | _aRU | ||
| 105 | _aa z ||||| | ||
| 200 | 1 | _aИзмерение поглощенной дозы в пучках жесткого гамма-излучения, тормозного излучения и быстрых электронов | |
| 210 |
_d1973 _aБ. м. |
||
| 215 |
_a36 с. _cчерт. |
||
| 320 | _aСписок лит.: с. 34-36 (44 назв.) | ||
| 461 | 0 |
_1001rc\3685818 _12001#$aКлиническая дозиметрия$eМетод. рекомендации$fСост. Р.В. Синицын. Вып. 1-$gЦентр. науч.-исслед. рентгено-радиол. ин-т М-ва здравоохранения СССР$vВып. 2 _97773726 _cЛенинград _d1972- _fСост. Р.В. Синицын. Вып. 1- _nБ. и. _oМетод. рекомендации _tКлиническая дозиметрия _vВып. 2 |
|
| 700 | 1 |
_aЕрмаков _bИ.А. |
|
| 701 | 1 |
_aСиницын _bР.В. |
|
| 801 | 0 |
_aRU _bNLR _gpsbo |
|
| 801 | 1 |
_aRU _bELAR _2rusmarc |
|
| 852 |
_aNLR _j73-4/3 |
||
| 942 | _cBOOK | ||
| 980 | _aNB | ||